000 00341nam a2200121Ia 4500
008 240731s9999 xx 000 0 und d
022 _a1469-9885
245 0 _aMortality : Promoting the interdisciplinary study of death and dying
260 _bRoutledge
856 _uhttps://www.tandfonline.com/loi/cmrt20
942 _2ddc
942 _cTFEJ
999 _c78619
_d78619
945 _a1
_bMadushi Gamage
_c1
_dMadushi Gamage